Score 0/21 Timer 10:00
4 Plays Today
% Correct
Stockholm
93.5%
Gotland
78%
Uppsala
75.6%
Skåne
73.6%
Norrbotten
69.4%
Halland
65.6%
Kalmar
62.9%
Västerbotten
62.7%
Örebro
59.1%
Värmland
53.8%
Dalarna
53.8%
% Correct
Jönköping
52.3%
Jämtland
51.1%
Kronoberg
50.2%
Blekinge
49.6%
Östergötland
49.1%
Södermanland
47.1%
Gävleborg
41.3%
Västernorrland
37.6%
Västmanland
37.2%
Västra Götaland
37.1%

You're not logged in!

Compare scores with friends on all Sporcle quizzes.
OR
Log In

Sporcle TV

Today on Sporcle TV


Watch our educational content, quiz creation guides, and fun videos on Sporcle TV.

Show Comments

Extras

Top Quizzes Today


Score Distribution

Paid Content

Your Account Isn't Verified!

In order to create a playlist on Sporcle, you need to verify the email address you used during registration. Go to your Sporcle Settings to finish the process.

Report this User

Report this user for behavior that violates our Community Guidelines.

Details: